000 00271nam a22001217a 4500
020 _a0-471-86955-4
082 _a537 TIM'E
100 _aTIMBIE, W. H
_977893
245 _aELEMENTS OF ELECTRICITY
260 _aNEWYORK
_bJOHN WILEY
_c1953
300 _a631P
942 _cBK
999 _c583078
_d583078